Provinces of Thailand- Sudden Death! - Statistics

General Stats
  • This quiz has been taken 108 times
  • The average score is 12 of 15
Answers on the Grid
Answers color-coded by a green-red scale on the quiz's grid according to % correct below.
Andaman
Chachoengsao
Chao Phraya
Chiang Mai
Chiang Rai
Da Nang
Kanchanaburi
Lopburi
Mae Hong Son
Malacca
Mekong
Mindanao
Nakhon Nayok
Nakhon Ratchasima
Osaka
Pahang
Pattani
Phang Nga
Phnom Penh
Phuket
Samut Prakan
Shanghai
Siam
Sichuan
Sukhothai
Tak
Texas
Thai Nguyen
Vientiane
Yala
 
Answer Stats
Answer % Correct
Province of Thailand Chachoengsao
90%
Province of Thailand Chiang Mai
85%
Province of Thailand Chiang Rai
84%
Province of Thailand Kanchanaburi
82%
Province of Thailand Lopburi
82%
Province of Thailand Mae Hong Son
82%
Province of Thailand Phuket
82%
Province of Thailand Pattani
79%
Province of Thailand Sukhothai
79%
Province of Thailand Yala
79%
Province of Thailand Nakhon Ratchasima
77%
Province of Thailand Tak
77%
Province of Thailand Nakhon Nayok
76%
Province of Thailand Phang Nga
74%
Province of Thailand Samut Prakan
74%
No matching quizzes found
Score Distribution
Percent of People with Each Score
Percentile by Number Answered
Your Score History
You have not taken this quiz